00388nam a22001337a 450000500170000000800410001704100080005808000130006610000200007924500430009926400220014230000260016465300640019020231011154543.0231011s1986 sp ||||| |||| 00| 0 slo d aslo a069 K-48 aKirigin, Branko aOtok Vis u helenizmu.cBranko Kirigin. aLjubljana,c1986. a44 p.:bill.;c21 cm. aკუნძული ვისი ელინისში